000 00447nam a2200205Ia 4500
003 OSt
005 20220923230843.0
006 a|||||r|||| 00| 0
007 ta
008 Pun
024 _a306,088
037 _cTextual
040 _aARTS
_cARTS
_bPun
041 _2Pun
_aPun
082 _aP153, K2
245 0 _aਪੰਜਾਬੀ ਪ੍ਰਬੋਧ
260 _c1962
942 _hP153, K2
_cTEXL
_2CC
999 _c387875
_d387875